Voda - komodita blízkej budúcnosti?

Voda ako veľmi dôležitá komodita. Množstvo vody na jedného obyvateľa v niektorých krajinách sveta. Vodné zdroje na Slovensku. Využitie vody. Hydroenergetika na Slovensku. Voda ako investícia na finančnom trhu. Vodné indexy. Vodný index S&P Global water index. Porovnanie výkonnosti vodných indexov a...

Descripción completa

Guardado en:
Detalles Bibliográficos
Autor principal: Árendáš, Peter, 1986-
Otros Autores: Bezák, Juraj
Formato: Capítulo de libro
Lenguaje:eslovaco
Materias:
Etiquetas: Agregar Etiqueta
Sin Etiquetas, Sea el primero en etiquetar este registro!

MARC

LEADER 00000naa a2200000 4500
001 0143509
005 20240502072556.3
041 0 |a slo 
044 |a SK 
245 1 0 |a Voda - komodita blízkej budúcnosti?  |c Peter Arendáš, Juraj Bezák 
520 |a Voda ako veľmi dôležitá komodita. Množstvo vody na jedného obyvateľa v niektorých krajinách sveta. Vodné zdroje na Slovensku. Využitie vody. Hydroenergetika na Slovensku. Voda ako investícia na finančnom trhu. Vodné indexy. Vodný index S&P Global water index. Porovnanie výkonnosti vodných indexov a iných aktív. 
610 2 0 |a voda 
610 2 0 |a zdroje vodné 
610 2 0 |a komodity 
610 2 0 |a energetika 
610 2 0 |a energia vodná 
610 2 0 |a trh finančný 
610 2 0 |a indexy 
610 2 0 |a svet 
100 1 |a Árendáš, Peter, 1986- 
700 1 |a Bezák, Juraj